000 01311nam a22003737a 4500
003 CHAP
005 20220817042127.0
008 971013s1970 r 00010 d
010 _a35502
011 _a36474
035 _a40593
040 _cCHAP
082 _a581.13345
_bO7
110 _aOrganismo Internacional de Energía Atómica
_983512
245 _aImproving plant protein by nuclear techniques ; proceeduings of a symposium...
260 _aVienna :
_bOIEA,
_c1970
300 _a458 p.
_b: ilus.
490 _aProceedings series
590 _aBATCH-UPD
_b10
_c20130110
_lUCH01
_h0209
590 _aBATCH-UPD
_b10
_c20130110
_lUCH01
_h1611
590 _aBATCH-UPD
_b10
_c20130409
_lUCH01
_h2223
590 _aBATCH-UPD
_b10
_c20130410
_lUCH01
_h1007
590 _aBATCH-UPD
_b10
_c20130914
_lUCH01
_h1354
590 _aCONVERSION
_b10
_c20130109
_lUCH01
_h1320
650 1 4 _aProteínas vegetales.
_992460
650 1 4 _aRadiación
_xEfecto en plantas.
_993674
710 0 _aFAO.
830 0 _aProceedings series
_991731
901 _aBK
942 _cLIBRO
949 _a581.13345 O7
_bBC
_cLIBRO
_d33724000546933
_eLIBRO
_h15569
_i40593
_si
949 _a581.13345 O7
_bBC
_cLIBRO
_d33724000546941
_eLIBRO
_fc.3
_h17258
_i40593
_si
949 _a581.13345 O7
_bBC
_cLIBRO
_d33724000547162
_eLIBRO
_fc.2
_h17257
_i40593
_si
999 _c35502
_d35502